000 01259cam a22002054a 4500
005 20250605164015.0
008 250528s ||||||||||||||||||||||||d
035 _a16141
020 _a521528062
040 _aGR-AtMCL
_bgre
_dGR-AtMCL
_eAACR2
245 1 _aThe Psychologist's Companion / A Guide to Scientific Writing for Students and Researcher's
250 _a4th
260 _bCambridge University Press,
_c2006
300 _a304
520 _aA definitive guide to scientific writing for students and researchers. Acknowledgements, Introduction, Eight Common Misconceptions about Psychology Papers, Steps in Writing the Library Research Paper, Steps in Writing the Experimental Research Paper, Rules for Writing the Psychology Paper, Using the Internet to Aid the Research Process, Commonly Misused Words, American Psychological Association Guidelines for Psychology Papers, Guidelines for Data Presentation, References for the Psychology Paper, Standards for Evaluating the Psychology Paper, Submitting a Paper to a Journal, Writing a Grant or Contract Proposal, How to Find a Book Publisher, Writing a lecture, Article Writing, References, Index.
700 1 _aStenberg Robert J
_9254
942 _cBK
999 _c1677
_d1677